000 00657nam a2200193Ii 4500
003 JO-AjNU
008 230605s9999||||xx |||||||||||||| ||und||
040 _aJO-AjNU
_bara
_erda
_cJO-AjNU
041 _aara
050 1 4 _aBF1078.A2482
100 3 _aقمري،سميرة,
_eauthor
_924463
245 0 0 _aالحلم والرؤيا في الفلسفة والعلم والدين
264 3 1 _aد.م:دار الحوار،د.ت
300 _a176ص
336 _atext
_btxt
_2rdacontent
337 _aunmediated
_bn
_2rdamedia
338 _avolume
_bnc
_2rdacarrier
650 4 _aالاحلام-تفسير-علم النفس الفسيولوجي-الرؤيا
_924464
999 _aA9014
_c12582
_d12582